US States by Population-1940 - Statistics

General Stats
  • This quiz has been taken 364 times
  • The average score is 28 of 48
Answer Stats
Population State % Correct
13,479,142 New York
100%
7,897,241 Illinois
92%
9,900,180 Pennsylvania
92%
6,907,387 California
83%
6,907,612 Ohio
83%
6,414,824 Texas
79%
5,256,106 Michigan
74%
4,316,721 Massachusetts
68%
4,160,165 New Jersey
67%
3,571,623 North Carolina
63%
3,137,587 Wisconsin
63%
3,784,664 Missouri
62%
3,123,723 Georgia
61%
3,427,796 Indiana
61%
2,677,773 Virginia
61%
110,247 Nevada
58%
250,742 Wyoming
57%
2,845,627 Kentucky
56%
2,792,300 Minnesota
56%
2,915,841 Tennessee
56%
2,363,880 Louisiana
54%
2,832,961 Alabama
52%
847,226 Maine
52%
641,935 North Dakota
52%
2,538,268 Iowa
51%
1,801,028 Kansas
51%
559,456 Montana
51%
642,961 South Dakota
51%
1,821,244 Maryland
50%
531,818 New Mexico
50%
550,310 Utah
50%
359,231 Vermont
50%
266,505 Delaware
49%
1,897,414 Florida
49%
2,183,796 Mississippi
49%
2,336,434 Oklahoma
49%
1,089,684 Oregon
49%
1,901,974 West Virginia
49%
1,949,387 Arkansas
48%
1,123,296 Colorado
48%
491,524 New Hampshire
48%
713,346 Rhode Island
48%
1,899,804 South Carolina
48%
1,736,191 Washington
48%
499,261 Arizona
46%
1,709,242 Connecticut
45%
524,873 Idaho
45%
1,315,834 Nebraska
43%
No matching quizzes found
Score Distribution
Percent of People with Each Score
Percentile by Number Answered
Your Score History
You have not taken this quiz